Score 0/7 Timer 03:00
1 Play Today
Question Answer Wrong Answers
Noah Webster copyrights the first edition of his ______.
1828
Dictionary
91.9%
Bible
1.5%
Almanac
4.9%
Newspaper
1.7%
The first car built by this Swedish company premiers in the city of Gothenburg.
1927
Volvo
80.5%
Jaguar
1.6%
Fiat
4.4%
Audi
11.6%
The RMS Titanic hits an iceberg in the North Atlantic at 11:40pm. From which English city did the Titanic depart?
1912
Southampton
79.3%
Sunderland
2%
Scarborough
2.7%
Manchester
15.1%
This book by John Steinbeck, which focuses on the Joad family, is first published.
1939
The Grapes of Wrath
79.2%
East of Eden
5.4%
The Pearl
1.3%
Of Mice and Men
11.8%
276 schoolgirls are abducted by this extremist group in Chibok, Nigeria.
2014
Boko Haram
78.2%
Al-Qaeda
5.8%
ISIS
7.8%
Hamas
4.6%
With the signing of the Geneva Accords in Geneva, Switzerland, the Soviet Union pledges to withdraw troops from ______.
1988
Afghanistan
67%
Vietnam
4.5%
Yugoslavia
18.9%
Georgia
6.3%
This American baseball player and manager, who holds the MLB record for career hits, is born.
1941
Pete Rose
50.8%
Hank Aaron
28.8%
Wade Boggs
6%
Cal Ripken, Jr.
11.5%
Remove Ads.
Support Sporcle.
Get the best of Sporcle when you Go Orange. This ad-free experience offers more features, more stats, and more fun while also helping to support Sporcle. Thank you for becoming a member.

You're not logged in!

Compare scores with friends on all Sporcle quizzes.
OR
Log In

Show Comments

Extras

Top Quizzes Today


Score Distribution

Your Account Isn't Verified!

In order to create a playlist on Sporcle, you need to verify the email address you used during registration. Go to your Sporcle Settings to finish the process.

Report this User

Report this user for behavior that violates our Community Guidelines.

Details: